<?xml version="1.0" encoding="UTF-8"?>
<record
    xmlns:xsi="http://www.w3.org/2001/XMLSchema-instance"
    xsi:schemaLocation="http://www.loc.gov/MARC21/slim http://www.loc.gov/standards/marcxml/schema/MARC21slim.xsd"
    xmlns="http://www.loc.gov/MARC21/slim">

  <leader>00837nam a22002657a 4500</leader>
  <controlfield tag="005">20251116073410.0</controlfield>
  <controlfield tag="008">251116b        |||||||| |||| 00| 0 eng d</controlfield>
  <datafield tag="017" ind1=" " ind2=" ">
    <subfield code="a">LD.0386</subfield>
  </datafield>
  <datafield tag="018" ind1=" " ind2=" ">
    <subfield code="a">2025</subfield>
  </datafield>
  <datafield tag="020" ind1=" " ind2=" ">
    <subfield code="a">9789787225573</subfield>
  </datafield>
  <datafield tag="040" ind1=" " ind2=" ">
    <subfield code="a">NLN </subfield>
    <subfield code="b">English </subfield>
    <subfield code="e">AACR2 </subfield>
  </datafield>
  <datafield tag="050" ind1=" " ind2=" ">
    <subfield code="a">BV4625</subfield>
    <subfield code="b">.O41</subfield>
  </datafield>
  <datafield tag="082" ind1=" " ind2=" ">
    <subfield code="a">241.3</subfield>
  </datafield>
  <datafield tag="100" ind1=" " ind2=" ">
    <subfield code="a">OKPARA, Ifeoma B.</subfield>
    <subfield code="e">aut</subfield>
    <subfield code="9">67887</subfield>
  </datafield>
  <datafield tag="245" ind1=" " ind2=" ">
    <subfield code="a">Better understanding of the truth about the personality called flesh /</subfield>
    <subfield code="c">Ifeoma Blessing Okpara</subfield>
  </datafield>
  <datafield tag="260" ind1=" " ind2=" ">
    <subfield code="a">[S.l.] :</subfield>
    <subfield code="b">Debrof Consult,</subfield>
    <subfield code="c">2024</subfield>
  </datafield>
  <datafield tag="300" ind1=" " ind2=" ">
    <subfield code="a">vi, 80p. ;</subfield>
    <subfield code="b">22cm </subfield>
  </datafield>
  <datafield tag="563" ind1=" " ind2=" ">
    <subfield code="a">(pbk.)</subfield>
  </datafield>
  <datafield tag="650" ind1=" " ind2=" ">
    <subfield code="a">Sin </subfield>
    <subfield code="v">Christianity </subfield>
    <subfield code="9">31800</subfield>
  </datafield>
  <datafield tag="650" ind1=" " ind2=" ">
    <subfield code="a">Flesh (Theology)</subfield>
    <subfield code="9">68687</subfield>
  </datafield>
  <datafield tag="650" ind1=" " ind2=" ">
    <subfield code="a">Christian life </subfield>
    <subfield code="v">Biblical teaching </subfield>
    <subfield code="9">1749</subfield>
  </datafield>
  <datafield tag="650" ind1=" " ind2=" ">
    <subfield code="a">Sanctification </subfield>
    <subfield code="v">Christianity </subfield>
    <subfield code="9">28058</subfield>
  </datafield>
  <datafield tag="650" ind1=" " ind2=" ">
    <subfield code="a">Spiritual warfare </subfield>
    <subfield code="v">Christianity </subfield>
    <subfield code="9">6179</subfield>
  </datafield>
  <datafield tag="942" ind1=" " ind2=" ">
    <subfield code="c">BK</subfield>
    <subfield code="n">0</subfield>
  </datafield>
  <datafield tag="999" ind1=" " ind2=" ">
    <subfield code="c">33852</subfield>
    <subfield code="d">33852</subfield>
  </datafield>
  <datafield tag="952" ind1=" " ind2=" ">
    <subfield code="0">0</subfield>
    <subfield code="1">0</subfield>
    <subfield code="2">lcc</subfield>
    <subfield code="4">0</subfield>
    <subfield code="7">0</subfield>
    <subfield code="a">ABJ</subfield>
    <subfield code="b">MAIN</subfield>
    <subfield code="d">2025-11-16</subfield>
    <subfield code="e">Legal deposit</subfield>
    <subfield code="i">275891</subfield>
    <subfield code="l">0</subfield>
    <subfield code="o"> BV4625 .O41</subfield>
    <subfield code="p">275891</subfield>
    <subfield code="r">2025-11-16 07:35:22</subfield>
    <subfield code="t">1</subfield>
    <subfield code="w">2025-11-16</subfield>
    <subfield code="y">BK</subfield>
  </datafield>
  <datafield tag="952" ind1=" " ind2=" ">
    <subfield code="0">0</subfield>
    <subfield code="1">0</subfield>
    <subfield code="2">lcc</subfield>
    <subfield code="4">0</subfield>
    <subfield code="7">0</subfield>
    <subfield code="a">JOS</subfield>
    <subfield code="b">MAIN</subfield>
    <subfield code="d">2025-11-16</subfield>
    <subfield code="e">Legal deposit</subfield>
    <subfield code="i">275893</subfield>
    <subfield code="l">0</subfield>
    <subfield code="o"> BV4625 .O41</subfield>
    <subfield code="p">275893</subfield>
    <subfield code="r">2025-11-16 07:36:50</subfield>
    <subfield code="t">1</subfield>
    <subfield code="w">2025-11-16</subfield>
    <subfield code="y">BK</subfield>
  </datafield>
  <datafield tag="952" ind1=" " ind2=" ">
    <subfield code="0">0</subfield>
    <subfield code="1">0</subfield>
    <subfield code="2">lcc</subfield>
    <subfield code="4">0</subfield>
    <subfield code="7">0</subfield>
    <subfield code="a">LAG</subfield>
    <subfield code="b">MAIN</subfield>
    <subfield code="d">2025-11-16</subfield>
    <subfield code="e">Legal deposit</subfield>
    <subfield code="i">275892</subfield>
    <subfield code="l">0</subfield>
    <subfield code="o"> BV4625 .O41</subfield>
    <subfield code="p">275892</subfield>
    <subfield code="r">2025-11-16 07:37:47</subfield>
    <subfield code="t">1</subfield>
    <subfield code="w">2025-11-16</subfield>
    <subfield code="y">BK</subfield>
  </datafield>
</record>
